00394nam a2200145Ia 4500003000400000005001700004008004100021040000900062082001800071100002000089245005500109260005500164300000900219650002000228OSt20201022112053.0190216s9999||||xx |||||||||||||| ||und|| coclc a813.52bLEW/C aLewis, Sinclair 0a A Collection Of English Essays /c Sinclair Lewis bPrentice Hall ,c1962.aUnited States Of America: a175p aEnglish Stories